Official methods and recommended practices of the American Oil Chemists' Society. /

Guardado en:
Autor Corporativo: American Oil Chemists' Society.
Otros Autores: Firestone, David, 1987-
Formato: Libro
Idioma:English
Publicado: Champaign, Ill. : American Oil Chemists' Society, 1994.
Edición:4th ed.
Materias:
Etiquetas: Agregar Etiqueta
Sin Etiquetas, Sea el primero en etiquetar este registro!
LEADER 01200nam a22002415a 4500
001 EIQ.libpla004361
008 070312s1994####ilu###########000#0#eng#d
005 20130322144642.0
245 1 0 |a Official methods and recommended practices of the American Oil Chemists' Society. /  |c David Firestone. 
250 |a 4th ed. 
260 |a Champaign, Ill. :  |b American Oil Chemists' Society,  |c 1994. 
300 |a 2v. (hoja sustituible) ;  |c 29 cm. 
500 |a Editores para analytical methods: V.C. Mehlenbacker [i.e. Mehlenbacher] (1945-1950); T.H. Hopper (1950-1958); E.M. Sallee (1958-1971); W.E. Link (1971-1978); R.O. Walker (1978-1983); R.C. Walker (1983-1987); D. Firestone (1987- ). 
500 |a Incluye adiciones y revisiones 2003-2004. 
500 |a "Fourth edition, third printing, including additions and revisions-1993". 
500 |a Actualización anual. 
700 1 |a Firestone, David,  |d 1987- 
650 4 |a Aceites y grasas  |x Análisis. 
650 4 |a Oils and fats  |x Analysis. 
040 |a AR-BbSID  |b spa  |c AR-BbSID 
110 2 |a American Oil Chemists' Society. 
859 |a AR-BbSID  |b BIB. PLAPIQUI  |h 543.018  |i Am11  |k R  |p 4234  |v 1  |3 Vol. 1 
859 |a AR-BbSID  |b BIB. PLAPIQUI  |h 543.018  |i Am11  |k R  |p 4233  |v 2  |3 Vol. 2